000 00316nam a2200121Ia 4500
008 241028s9999 xx 000 0 und d
041 _aeng
082 _a158.1 WIE
100 _aWiest Brianna
245 _a101 Essays That Will Change The Way You Think
260 _bAmaryllis
_aNoida
_c2023
300 _a450;. P. 22 Cm
999 _c43122
_d43122